000 00625nam a22002177a 4500
003 UA-OsUOA
001 57923
007 ta
008 20090116b un ||||| |||| 00| 0 ukr d
100 _aГаврилюк О.В.
090 _a330(477)
_bГ12
942 _cSA
040 _aUA-OsUOA
_bukr
_cUA-OsUOA
_dUA-OsUOA
245 _aІнвестиційні фонди: сутність і напрями діяльності
300 _aС.47-64
955 _a0
041 _aukr
080 _a330(477)
773 0 _w57920
_tФінанси України
_dК.
_d2008
_g11
650 7 _a330 Економіка взагалі
_2UDC
999 _c344008
_d344008